Countries Closest to Shanghai - Statistics

General Stats
  • This quiz has been taken 50 times
  • The average score is 21 of 22
Answer Stats
Distance (km) Distance (mi) Country % Correct
0 0 China
100%
2,354 (2,395)* 1,463 (1,488)* India
100%
655 407 Japan
100%
2,050 1,274 Laos
100%
2,658 1,652 Malaysia
100%
624 388 Taiwan
100%
2,271 1,411 Thailand
100%
1,717 1,067 Vietnam
100%
2,320 1,441 Cambodia
97%
781 486 North Korea
97%
1,122 697 Philippines
97%
1,474 916 Russia
97%
495 308 South Korea
97%
2,963 1,841 Indonesia
95%
1,612 1,002 Mongolia
95%
2,245 1,395 Myanmar
95%
2,879 1,789 Bhutan
92%
2,977 1,850 Brunei
92%
2,925 1,818 Bangladesh
90%
2,946 1,831 FS Micronesia
77%
2,891 1,796 Palau
77%
2,618 1,627 United States / Northern Mariana Islands
77%
No matching quizzes found
Score Distribution
Percent of People with Each Score
Percentile by Number Answered
Your Score History
You have not taken this quiz